| 000 | 01017nam0a22002411 4500 | ||
|---|---|---|---|
| 001 | rc\3556976 | ||
| 005 | 20260406211926.0 | ||
| 021 |
_aRU _bРг1118-77 |
||
| 035 | _a(NLR Aleph) 007683291 | ||
| 090 |
_a6561590 _c6561590 |
||
| 100 | _a20130115d1976 |||y0rusy50 ca | ||
| 101 | 0 | _arus | |
| 102 | _aRU | ||
| 105 | _ay b ||||| | ||
| 200 | 1 |
_aКаталог приборов и систем контроля токсичных и довзрывоопасных концентраций химических веществ в воздухе _fВНИИ техники безопасности в хим. пром-сти. (ВНИИТБХП) |
|
| 210 |
_aСеверодонецк _cБ. и. _d1976 |
||
| 215 |
_a42 с. _d14х20 |
||
| 712 | 0 | 2 |
_aВНИИ техники безопасности в химической промышленности _cСеверодонецк _9434703 _3RU\NLR\AUTH\889969168 |
| 801 | 0 |
_aRU _bNLR _gpsbo |
|
| 801 | 1 |
_aRU _bELAR _2rusmarc |
|
| 852 |
_aNLR _jПт 40.8/218 |
||
| 942 | _cBOOK | ||
| 980 | _aNB | ||